Podlipny

Bibliographic Details
Main Author: Lăptoiu, Negoită (Author)
Format: Book
Language:English
PhysicalDescription:72 s.
Published: Timişoară Editura Facla 1974

MARC

LEADER 00000nam a2200000 a 4500
001 vtls008188508
003 SK-MaSNL
005 20260301164334.0
008 240318 000 0 eng
040 |a SNK  |b slo  |c SNK  |e AACR2 
100 1 |a Lăptoiu, Negoită  |4 aut  |9 387995 
245 1 0 |a Podlipny 
260 |a Timişoară  |b Editura Facla  |c 1974 
300 |a 72 s. 
999 |c 820271  |d 822201 
952 |a SNK  |b SNK  |y PREZ  |7 0  |p 17A0476644  |o snkSD 39323  |i snkV 261/75  |3 rekapitulácia  |0 0  |1 0  |4 0  |d 2005-08-08  |l 0  |r 2026-02-24 03:04:15  |w 2026-02-24